| Tag |
First Indicator |
Second Indicator |
Subfields |
| LEADER |
00000cas a2200000 a 4500 |
| 001 |
in00000071341 |
| 005 |
20151008062155.0 |
| 008 |
790215d19791981mnubr1p 0uuua0eng d |
| 010 |
|
|
|a 80644748
|z sn 79000122
|
| 012 |
|
|
|a 2
|b 3
|e n
|k 1
|m d
|
| 022 |
0 |
|
|a 0194-4517
|
| 035 |
|
|
|a (OCoLC)04657396
|
| 035 |
|
|
|9 AAJ9671AM
|
| 037 |
|
|
|b WEBCO Publishing, Inc.,479 Fort Rd., St. Paul, MN 55102
|
| 037 |
|
|
|c $15.00
|
| 040 |
|
|
|a NSD
|c NSD
|d MUL
|d DLC
|d NSD
|d DLC
|d NST
|d NSD
|d TXA
|d UtOrBLW
|
| 042 |
|
|
|a nsdp
|a lc
|
| 049 |
|
|
|a TXAE
|
| 082 |
0 |
|
|a 690/.8
|
| 090 |
|
|
|a TH4819.E27
|b E1
|
| 222 |
|
0 |
|a Earth shelter digest & energy report
|
| 245 |
0 |
0 |
|a Earth shelter digest & energy report.
|
| 246 |
3 |
|
|a Earth shelter digest and energy report
|
| 264 |
|
1 |
|a [St. Paul, Minn.] :
|b [WEBCO Pub.],
|c [1979-1981]
|
| 300 |
|
|
|a volumes :
|b illustrations ;
|c 28 cm.
|
| 310 |
|
|
|a Bimonthly.
|
| 336 |
|
|
|a text
|b txt
|2 rdacontent
|
| 337 |
|
|
|a unmediated
|b n
|2 rdamedia
|
| 338 |
|
|
|a volume
|b nc
|2 rdacarrier
|
| 362 |
0 |
|
|a no. 1 (Jan./Feb. 1979)-no.18 (Nov./Dec. 1981)
|
| 650 |
|
0 |
|a Earth sheltered houses
|x Periodicals.
|
| 650 |
|
0 |
|a Buildings
|x Energy conservation
|x Periodicals.
|
| 650 |
|
0 |
|a Power resources
|v Periodicals.
|
| 785 |
0 |
0 |
|t Earth shelter living
|x 0744-1932
|
| 999 |
|
|
|a MARS
|
| 999 |
f |
f |
|s e230e324-c54c-3af6-b588-543652b7ac10
|i 79a48cbd-ad58-34c9-ab9b-4fb286e4b226
|t 0
|
| 952 |
f |
f |
|p ric
|a Texas A&M University
|b Rellis Campus
|c Joint Library Facility
|d Remote Storage
|t 0
|e TH4819.E27 E1
|h Library of Congress classification
|i unmediated -- volume
|k No.7 -No.12
|l 1980-1980
|m A14817694176
|
| 952 |
f |
f |
|p ric
|a Texas A&M University
|b Rellis Campus
|c Joint Library Facility
|d Remote Storage
|t 0
|e TH4819.E27 E1
|h Library of Congress classification
|i unmediated -- volume
|k no.13 -no.18
|l 1981-1981
|m A14809719213
|
| 952 |
f |
f |
|p ric
|a Texas A&M University
|b Rellis Campus
|c Joint Library Facility
|d Remote Storage
|t 0
|e TH4819.E27 E1
|h Library of Congress classification
|i unmediated -- volume
|k no.1 -no.6
|l 1979-1979
|m A14813888951
|
| 998 |
f |
f |
|a TH4819.E27 E1
|s no.1 (1979)-no.18 (1981)
|t 0
|l Remote Storage
|